La tradición de América

Furkejuvvon:
Bibliográfalaš dieđut
Váldodahkki: Ruiz Guiñazú, Enrique (Dahkki)
Materiálatiipa: Girji
Giella:espánnjágiella
Almmustuhtton: Buenos Aires Espasa-Calpe Argentina S. A 1953
Ráidu:Colección Austral, 1155
Fáttát:
Fáddágilkorat: Lasit fáddágilkoriid
Eai fáddágilkorat, Lasit vuosttaš fáddágilkora!

MARC

LEADER 00000cam a2200000 a 4500
001 UCF6220
003 CL-VaPUC
008 130418e19530000AG |||||||||||||||||spa|d
082 0 4 |a 980.013  |b RUI  |2 21 
100 0 |a Ruiz Guiñazú, Enrique  |e author  |9 568268 
245 1 3 |a La tradición de América 
300 |a 206 p 
942 |c BK 
945 |d 20130418 00:00:00  |a dcastane 
260 |a Buenos Aires  |b Espasa-Calpe Argentina S. A  |c 1953 
650 0 |a Historia de América  |9 266076 
583 |a last modification  |c 20130418 10:21:00  |k Rodrigo Vera 
490 0 |a Colección Austral, 1155 
999 |c 351533  |d 351531 
952 |0 0  |1 0  |4 0  |6 980_013000000000000_RUI_1953  |7 0  |8 A  |9 455682  |a BIBHIS  |b BIBHIS  |d 2019-11-22  |i 4960769  |o 980.013 RUI 1953  |p 4960769  |r 2025-01-20  |w 2019-11-22  |y BK  |k HIS